000 00584nam a2200193Ia 4500
008 151121s9999||||xx |||||||||||||| ||und||
082 _a813/ साळगा
082 _bHNW-74217
100 _aसाळगावकर शशिकला
245 _aजमाना
260 _b"मेहता प्रकाशन, पुणे।"
260 _c--
300 _a228
600 _aसाळगावकर शशिकला
630 _aजमाना
700 _aसाळगावकर शशिकला
730 _aजमाना
942 _cBOOK
999 _c1255670
_d1255667